| 000 -LEADER |
| fixed length control field |
03686cas a22006737a 4500 |
| 001 - CONTROL NUMBER |
| control field |
4210382 |
| 003 - CONTROL NUMBER IDENTIFIER |
| control field |
ASAB |
| 005 - DATE AND TIME OF LATEST TRANSACTION |
| control field |
20180827062636.0 |
| 006 - FIXED-LENGTH DATA ELEMENTS--ADDITIONAL MATERIAL CHARACTERISTICS |
| fixed length control field |
m d |
| 007 - PHYSICAL DESCRIPTION FIXED FIELD--GENERAL INFORMATION |
| fixed length control field |
cr n |
| 008 - FIXED-LENGTH DATA ELEMENTS--GENERAL INFORMATION |
| fixed length control field |
030123c20039999mnumn pss 0 a0eng c |
| 020 ## - INTERNATIONAL STANDARD BOOK NUMBER |
| International Standard Book Number |
978-93-83101-69-6 |
| 035 ## - SYSTEM CONTROL NUMBER |
| System control number |
(WaSeSS)ssj0023812 |
| 037 ## - SOURCE OF ACQUISITION |
| Source of stock number/acquisition |
Advanstar Communications, 131 West First Street, Duluth, MN 55802 |
| 040 ## - CATALOGING SOURCE |
| Transcribing agency |
ASAB |
| 042 ## - AUTHENTICATION CODE |
| Authentication code |
pcc |
| -- |
nsdp |
| 082 10 - DEWEY DECIMAL CLASSIFICATION NUMBER |
| Classification number |
615 |
| Edition number |
14 |
| 082 14 - DEWEY DECIMAL CLASSIFICATION NUMBER |
| Classification number |
615 |
| Edition number |
13 |
| 100 ## - MAIN ENTRY--PERSONAL NAME |
| Personal name |
Ranjan Singh |
| 9 (RLIN) |
1851 |
| 130 0# - MAIN ENTRY--UNIFORM TITLE |
| Uniform title |
Pharmaceutical technology (2003 : Online) |
| 9 (RLIN) |
1852 |
| 210 10 - ABBREVIATED TITLE |
| Abbreviated title |
Pharmaceutical technology |
| 210 0# - ABBREVIATED TITLE |
| Abbreviated title |
Pharm. technol. |
| 222 #0 - KEY TITLE |
| Key title |
Pharmaceutical technology |
| 245 10 - TITLE STATEMENT |
| Title |
Pharmaceutical technology |
| Statement of responsibility, etc. |
Ranjan Singh |
| 260 ## - PUBLICATION, DISTRIBUTION, ETC. |
| Place of publication, distribution, etc. |
Duluth, MN : |
| Name of publisher, distributor, etc. |
Advanstar Communications |
| 300 ## - PHYSICAL DESCRIPTION |
| Extent |
238 P. |
| 310 ## - CURRENT PUBLICATION FREQUENCY |
| Current publication frequency |
Monthly (except 2 issues in June) |
| 362 1# - DATES OF PUBLICATION AND/OR SEQUENTIAL DESIGNATION |
| Dates of publication and/or sequential designation |
Print began with v. 27, no. 2 (Feb. 2003). |
| 506 ## - RESTRICTIONS ON ACCESS NOTE |
| Terms governing access |
Access limited to subscribers. |
| 525 ## - SUPPLEMENT NOTE |
| Supplement note |
Has supplements. |
| 530 ## - ADDITIONAL PHYSICAL FORM AVAILABLE NOTE |
| Additional physical form available note |
Also available in print. |
| 538 ## - SYSTEM DETAILS NOTE |
| System details note |
Mode of access: World Wide Web. |
| 650 #0 - SUBJECT ADDED ENTRY--TOPICAL TERM |
| Topical term or geographic name entry element |
Pharmaceutical technology |
| Form subdivision |
Periodicals. |
| 9 (RLIN) |
1853 |
| 650 #0 - SUBJECT ADDED ENTRY--TOPICAL TERM |
| Topical term or geographic name entry element |
Pharmaceutical industry |
| Form subdivision |
Periodicals. |
| 9 (RLIN) |
1854 |
| 650 12 - SUBJECT ADDED ENTRY--TOPICAL TERM |
| Topical term or geographic name entry element |
Technology, Pharmaceutical. |
| 9 (RLIN) |
1855 |
| 650 22 - SUBJECT ADDED ENTRY--TOPICAL TERM |
| Topical term or geographic name entry element |
Drug Industry. |
| 9 (RLIN) |
1856 |
| 650 #6 - SUBJECT ADDED ENTRY--TOPICAL TERM |
| Topical term or geographic name entry element |
Techniques pharmaceutiques |
| Form subdivision |
Périodiques. |
| 9 (RLIN) |
1857 |
| 650 #6 - SUBJECT ADDED ENTRY--TOPICAL TERM |
| Topical term or geographic name entry element |
Industrie pharmaceutique |
| Form subdivision |
Périodiques. |
| 9 (RLIN) |
1858 |
| 650 #7 - SUBJECT ADDED ENTRY--TOPICAL TERM |
| Topical term or geographic name entry element |
Pharmaceutical industry. |
| Source of heading or term |
fast |
| 9 (RLIN) |
1859 |
| 650 #7 - SUBJECT ADDED ENTRY--TOPICAL TERM |
| Topical term or geographic name entry element |
Pharmaceutical technology. |
| Source of heading or term |
fast |
| 9 (RLIN) |
1860 |
| 655 #0 - INDEX TERM--GENRE/FORM |
| Genre/form data or focus term |
Electronic journals. |
| 9 (RLIN) |
1861 |
| 770 0# - SUPPLEMENT/SPECIAL ISSUE ENTRY |
| Title |
Analytical chemistry & testing |
| 776 1# - ADDITIONAL PHYSICAL FORM ENTRY |
| Title |
Pharmaceutical technology |
| International Standard Serial Number |
1543-2521 |
| Record control number |
(DLC)2003212319 |
| 776 1# - ADDITIONAL PHYSICAL FORM ENTRY |
| Title |
Pharmaceutical technology |
| International Standard Serial Number |
1543-2521 |
| Record control number |
(DNLM)101172090 |
| 780 00 - PRECEDING ENTRY |
| Title |
Pharmaceutical technology North America |
| 856 40 - ELECTRONIC LOCATION AND ACCESS |
| Uniform Resource Identifier |
<a href="http://www.columbia.edu/cgi-bin/cul/resolve?clio4210382.001">http://www.columbia.edu/cgi-bin/cul/resolve?clio4210382.001</a> |
| Public note |
Full text available from Freely Accessible Journals |
| 856 40 - ELECTRONIC LOCATION AND ACCESS |
| Uniform Resource Identifier |
<a href="http://www.columbia.edu/cgi-bin/cul/resolve?clio4210382.002">http://www.columbia.edu/cgi-bin/cul/resolve?clio4210382.002</a> |
| Public note |
Full text available from Business Insights: Essentials: 01/01/2000 to present |
| 856 40 - ELECTRONIC LOCATION AND ACCESS |
| Uniform Resource Identifier |
<a href="http://www.columbia.edu/cgi-bin/cul/resolve?clio4210382.003">http://www.columbia.edu/cgi-bin/cul/resolve?clio4210382.003</a> |
| Public note |
Full text available from ABI/INFORM Complete: 02/01/2003 to present |
| 856 40 - ELECTRONIC LOCATION AND ACCESS |
| Uniform Resource Identifier |
<a href="http://www.columbia.edu/cgi-bin/cul/resolve?clio4210382.004">http://www.columbia.edu/cgi-bin/cul/resolve?clio4210382.004</a> |
| Public note |
Full text available from ABI/INFORM Global: 02/01/2003 to present |
| 856 40 - ELECTRONIC LOCATION AND ACCESS |
| Uniform Resource Identifier |
<a href="http://www.columbia.edu/cgi-bin/cul/resolve?clio4210382.005">http://www.columbia.edu/cgi-bin/cul/resolve?clio4210382.005</a> |
| Public note |
Full text available from ABI/INFORM Trade & Industry: 02/01/2003 to present |
| 856 40 - ELECTRONIC LOCATION AND ACCESS |
| Uniform Resource Identifier |
<a href="http://www.columbia.edu/cgi-bin/cul/resolve?clio4210382.006">http://www.columbia.edu/cgi-bin/cul/resolve?clio4210382.006</a> |
| Public note |
Full text available from Business Source Complete: 02/01/2003 to present |
| 856 40 - ELECTRONIC LOCATION AND ACCESS |
| Uniform Resource Identifier |
<a href="http://www.columbia.edu/cgi-bin/cul/resolve?clio4210382.007">http://www.columbia.edu/cgi-bin/cul/resolve?clio4210382.007</a> |
| Public note |
Full text available from Pharmaceutical News Index: 02/01/2003 to present |
| 856 40 - ELECTRONIC LOCATION AND ACCESS |
| Uniform Resource Identifier |
<a href="http://www.columbia.edu/cgi-bin/cul/resolve?clio4210382.008">http://www.columbia.edu/cgi-bin/cul/resolve?clio4210382.008</a> |
| Public note |
Full text available from ProQuest Career and Technical Education: 02/01/2003 to present |
| 856 40 - ELECTRONIC LOCATION AND ACCESS |
| Uniform Resource Identifier |
<a href="http://www.columbia.edu/cgi-bin/cul/resolve?clio4210382.009">http://www.columbia.edu/cgi-bin/cul/resolve?clio4210382.009</a> |
| Public note |
Full text available from ProQuest Central (purchase pre-March 2016): 02/01/2003 to present |
| 856 40 - ELECTRONIC LOCATION AND ACCESS |
| Uniform Resource Identifier |
<a href="http://www.columbia.edu/cgi-bin/cul/resolve?clio4210382.010">http://www.columbia.edu/cgi-bin/cul/resolve?clio4210382.010</a> |
| Public note |
Full text available from ProQuest Nursing & Allied Health Source: 02/01/2003 to present |
| 856 40 - ELECTRONIC LOCATION AND ACCESS |
| Uniform Resource Identifier |
<a href="http://www.columbia.edu/cgi-bin/cul/resolve?clio4210382.011">http://www.columbia.edu/cgi-bin/cul/resolve?clio4210382.011</a> |
| Public note |
Full text available from ProQuest Research Library: 02/01/2003 to present |
| 856 40 - ELECTRONIC LOCATION AND ACCESS |
| Uniform Resource Identifier |
<a href="http://www.columbia.edu/cgi-bin/cul/resolve?clio4210382.012">http://www.columbia.edu/cgi-bin/cul/resolve?clio4210382.012</a> |
| Public note |
Full text available from ProQuest Science Journals: 02/01/2003 to present |
| 942 ## - ADDED ENTRY ELEMENTS (KOHA) |
| Source of classification or shelving scheme |
|
| Koha item type |
Book |